[Event "7. Rilton Cup 2007/2008"]
[Site "Stockholm SWE"]
[Date "2007.12.31"]
[Round "5.25"]
[White "Lindberg, Henrik"]
[Black "Dimitrijevic, Radmilo"]
[Result "0-1"]
[WhiteElo "2254"]
[BlackElo "2070"]
[PlyCount "74"]
[EventDate "2007.12.27"]
[EventType "swiss"]
[EventRounds "9"]
[EventCountry "SWE"]
[Source "lmi"]
[SourceDate "2008.12.27"]

1. e4 c5 2. Nf3 g6 3. d4 cxd4 4. Nxd4 Bg7 5. c4 Nc6 6. Be3 d6 7. Nc3 Nf6 8. Be2
O-O 9. O-O Be6 10. Nxe6 fxe6 11. Rc1 Rc8 12. Qd2 Ne5 13. b3 Qa5 14. f3 a6 15.
Rc2 Nfd7 16. f4 Nf7 17. Na4 Qc7 18. Rcc1 b6 19. Bg4 Nd8 20. Bxe6+ Nxe6 21. Qd5
Rf6 22. Bd4 Rf7 23. Be3 Nec5 24. Nxc5 bxc5 25. e5 Nb6 26. Qe6 Rcf8 27. f5 gxf5
28. Rxf5 Qc8 29. Qxc8 Nxc8 30. Rg5 Rf5 31. e6 Rxg5 32. Bxg5 Rf5 33. h4 Re5 34.
Rb1 h6 35. Bf4 Re4 36. g3 Nb6 37. a4 Rxe6 0-1

[Event "7. Rilton Cup 2007/2008"]
[Site "Stockholm SWE"]
[Date "2008.01.02"]
[Round "6.3"]
[White "Berczes, David"]
[Black "Cicak, Slavko"]
[Result "1-0"]
[WhiteElo "2430"]
[BlackElo "2569"]
[PlyCount "131"]
[EventDate "2007.12.27"]
[EventType "swiss"]
[EventRounds "9"]
[EventCountry "SWE"]
[Source "lmi"]
[SourceDate "2008.12.27"]

1. d4 Nf6 2. c4 e6 3. Nf3 c5 4. d5 exd5 5. cxd5 d6 6. Nc3 a6 7. a4 Qe7 8. Nd2
Nbd7 9. e4 g6 10. Be2 Bg7 11. O-O O-O 12. f4 Rb8 13. Kh1 Re8 14. Rb1 h5 15. e5
dxe5 16. Nc4 Ng4 17. Bxg4 hxg4 18. f5 gxf5 19. Rxf5 Nf8 20. Bg5 f6 21. Rxe5
Qxe5 22. Nxe5 fxg5 23. Nc4 Bd7 24. Qd3 b5 25. axb5 axb5 26. Nd6 c4 27. Qf1 Re7
28. Nce4 Nh7 29. Nc5 Rf8 30. Qg1 Be5 31. Nde4 Bf5 32. Rf1 Ref7 33. Rd1 Bxb2 34.
Nd6 c3 35. Nxf7 Rxf7 36. d6 c2 37. Rf1 Rf6 38. Qe3 Nf8 39. Qxg5+ Kf7 40. Qh5+
Kg7 41. Qg5+ Bg6 42. Rxf6 c1=Q+ 43. Qxc1 Bxc1 44. d7 Nxd7 45. Nxd7 Be3 46. Re6
Bd4 47. Rd6 Bc3 48. Nb6 Bf7 49. Nd5 Be5 50. Rd7 Kf8 51. Rb7 Be8 52. Nc7 Bc6 53.
Rb6 Bxg2+ 54. Kxg2 Bxc7 55. Rxb5 Kg8 56. Rg5+ Kh7 57. Rxg4 Kh6 58. h4 Be5 59.
Kh3 Bf6 60. Rc4 Bd8 61. Kg4 Ba5 62. Rd4 Be1 63. Rd6+ Kg7 64. Kg5 Bf2 65. Rd7+
Kg8 66. h5 1-0

[Event "7. Rilton Cup 2007/2008"]
[Site "Stockholm SWE"]
[Date "2008.01.02"]
[Round "6.4"]
[White "Cramling, Pia"]
[Black "Nyback, Tomi"]
[Result "1-0"]
[WhiteElo "2531"]
[BlackElo "2565"]
[PlyCount "81"]
[EventDate "2007.12.27"]
[EventType "swiss"]
[EventRounds "9"]
[EventCountry "SWE"]
[Source "lmi"]
[SourceDate "2008.12.27"]

1. d4 Nf6 2. Nf3 e6 3. c4 d5 4. Nc3 c6 5. Bg5 h6 6. Bxf6 Qxf6 7. Qd3 Nd7 8. e4
dxc4 9. Qxc4 e5 10. d5 Be7 11. Be2 O-O 12. Qb3 Qg6 13. O-O Nc5 14. Qc2 Bh3 15.
Ne1 cxd5 16. Nxd5 Bd6 17. f4 exf4 18. e5 Qxc2 19. Nxc2 Be6 20. exd6 Bxd5 21.
Rxf4 Ne6 22. Rb4 Rfd8 23. Ne3 Bc6 24. Nf5 Rd7 25. Rf1 Rad8 26. Ne7+ Kh8 27.
Rxf7 Rxd6 28. Nxc6 bxc6 29. Rxa7 Nd4 30. Bg4 Rd5 31. h4 h5 32. Bh3 Rf8 33. Rbb7
Nb5 34. Rf7 Rd1+ 35. Kh2 Rxf7 36. Rxf7 Ra1 37. Rf8+ Kh7 38. Bf5+ g6 39. Rf7+
Kg8 40. Bxg6 Rxa2 41. Rf2 1-0

[Event "7. Rilton Cup 2007/2008"]
[Site "Stockholm SWE"]
[Date "2008.01.02"]
[Round "6.5"]
[White "Agrest, Evgenij"]
[Black "Grandelius, Nils"]
[Result "1-0"]
[WhiteElo "2541"]
[BlackElo "2377"]
[PlyCount "105"]
[EventDate "2007.12.27"]
[EventType "swiss"]
[EventRounds "9"]
[EventCountry "SWE"]
[Source "lmi"]
[SourceDate "2008.12.27"]

1. c4 Nf6 2. Nc3 d5 3. cxd5 Nxd5 4. g3 g6 5. Bg2 Nb6 6. d3 Bg7 7. Be3 Nc6 8.
Bxc6+ bxc6 9. Qc1 O-O 10. Bh6 c5 11. Bxg7 Kxg7 12. Qe3 Qd4 13. Nf3 Qxe3 14.
fxe3 Bb7 15. b3 a5 16. Kf2 a4 17. Rhc1 axb3 18. axb3 Rfb8 19. Nd2 Nd7 20. Rxa8
Bxa8 21. Ra1 Bc6 22. Ra7 Rb7 23. Ra5 Rb8 24. e4 e6 25. Ke3 Kf6 26. Ra6 Rb6 27.
Ra3 Rb8 28. Nc4 Ra8 29. Rxa8 Bxa8 30. Nb5 Bc6 31. Nxc7 Ne5 32. h3 Nxc4+ 33.
bxc4 Ke5 34. Na6 Kd6 35. e5+ Kxe5 36. Nxc5 g5 37. d4+ Kf5 38. Nd3 Bg2 39. Ne5
Bxh3 40. c5 Bg2 41. c6 Kf6 42. c7 Bb7 43. Nc4 e5 44. dxe5+ Ke6 45. Nd6 Ba6 46.
c8=Q+ Bxc8 47. Nxc8 Kxe5 48. Ne7 h5 49. Nc6+ Kd5 50. Nd4 Ke5 51. Kd3 f5 52.
Nf3+ Kf6 53. Kd4 1-0

[Event "7. Rilton Cup 2007/2008"]
[Site "Stockholm SWE"]
[Date "2008.01.02"]
[Round "6.8"]
[White "Jiretorn, Eva"]
[Black "Farago, Ivan"]
[Result "0-1"]
[WhiteElo "2121"]
[BlackElo "2505"]
[PlyCount "78"]
[EventDate "2007.12.27"]
[EventType "swiss"]
[EventRounds "9"]
[EventCountry "SWE"]
[Source "lmi"]
[SourceDate "2008.12.27"]

1. d4 Nf6 2. c4 e6 3. Nf3 b6 4. Bf4 Bb7 5. Nc3 Bb4 6. e3 Ne4 7. Qc2 O-O 8. Bd3
f5 9. h3 d6 10. O-O-O Bxc3 11. bxc3 Nd7 12. Rhg1 Qe7 13. Kb1 c5 14. g4 e5 15.
gxf5 exf4 16. d5 fxe3 17. Bxe4 exf2 18. Rg2 Ne5 19. Ng5 Nxc4 20. Qe2 Rxf5 21.
Ne6 Ba6 22. Qg4 Ne3 23. Qxg7+ Qxg7 24. Rxg7+ Kh8 25. Bxf5 Nxf5 26. Rf7 f1=Q 27.
Rxf1 Bxf1 28. Kc1 Bd3 29. Kd2 Bb1 30. a4 Ng3 31. Ke3 Bg6 32. Rd7 Be8 33. Rc7
Bxa4 34. Kf4 Ne2+ 35. Kg5 Rg8+ 36. Kh6 Rg6+ 37. Kh5 Ng3+ 38. Kh4 Nf5+ 39. Kh5
Bd1# 0-1

[Event "7. Rilton Cup 2007/2008"]
[Site "Stockholm SWE"]
[Date "2008.01.02"]
[Round "6.9"]
[White "Szabo, Krisztian"]
[Black "Meskovs, Nikita"]
[Result "1-0"]
[WhiteElo "2492"]
[BlackElo "2085"]
[PlyCount "97"]
[EventDate "2007.12.27"]
[EventType "swiss"]
[EventRounds "9"]
[EventCountry "SWE"]
[Source "lmi"]
[SourceDate "2008.12.27"]

1. e4 c5 2. Nf3 e6 3. d4 cxd4 4. Nxd4 a6 5. c4 Nf6 6. Nc3 Qc7 7. a3 b6 8. Be3
d6 9. Be2 Nbd7 10. O-O Bb7 11. f3 Be7 12. Qd2 Rc8 13. Rfc1 Qb8 14. b4 O-O 15.
Kh1 Rfe8 16. Rc2 Bd8 17. Rb1 Bc7 18. Bg1 Qa8 19. Na4 Ne5 20. Nb3 d5 21. cxd5
exd5 22. Bxb6 dxe4 23. Bxc7 exf3 24. Nb6 fxg2+ 25. Kg1 Qa7 26. Qd4 Nc6 27. Rxc6
Bxc6 28. Nxc8 Qxc7 29. Bxa6 Rd8 30. Qc4 Re8 31. Rc1 Qe5 32. Qxc6 Qe3+ 33. Kxg2
h5 34. Nd6 Re5 35. Qa8+ Kh7 36. Nxf7 Rd5 37. Rf1 Qe4+ 38. Rf3 Rd2+ 39. Nxd2
Qxa8 40. Bd3+ Kg8 41. Ng5 Ng4 42. Ne6 Qd5 43. Kg1 Nf6 44. Nf4 Qg5+ 45. Kh1 Ng4
46. Ne6 Qd5 47. Bc4 Qd6 48. Ng5+ Kh8 49. Nf7+ 1-0

[Event "7. Rilton Cup 2007/2008"]
[Site "Stockholm SWE"]
[Date "2008.01.02"]
[Round "6.10"]
[White "Hillarp Persson, Tiger"]
[Black "Nyysti, Sampsa"]
[Result "1/2-1/2"]
[WhiteElo "2567"]
[BlackElo "2364"]
[PlyCount "159"]
[EventDate "2007.12.27"]
[EventType "swiss"]
[EventRounds "9"]
[EventCountry "SWE"]
[Source "lmi"]
[SourceDate "2008.12.27"]

1. e4 e5 2. Nf3 Nc6 3. Bb5 a6 4. Ba4 Nf6 5. O-O Be7 6. Re1 b5 7. Bb3 d6 8. c3
O-O 9. h3 Na5 10. Bc2 c5 11. d4 Qc7 12. Nbd2 cxd4 13. cxd4 Bd7 14. Nf1 Rac8 15.
Ne3 Rfe8 16. b3 Bf8 17. Bb2 Nc6 18. Rc1 Qb7 19. d5 Ne7 20. Bd3 Ng6 21. Nd2 Nf4
22. Bf1 Be7 23. h4 Rxc1 24. Bxc1 g6 25. g3 N4h5 26. Ba3 Qb6 27. Bb2 Qa7 28. a4
Bd8 29. Qf3 Ba5 30. Re2 bxa4 31. bxa4 Bxa4 32. Nec4 Bb4 33. Ba3 Qc5 34. Bxb4
Qxb4 35. Qa3 Qxa3 36. Nxa3 Rb8 37. Re3 Bb5 38. Rb3 Ng7 39. Bxb5 axb5 40. Rxb5
Rxb5 41. Nxb5 Nge8 42. f3 Kf8 43. Nc4 Ke7 44. Kf2 Nh5 45. g4 Nf4 46. g5 Nh5 47.
Kg2 f6 48. Ne3 Neg7 49. Ng4 f5 50. Nh6 fxe4 51. fxe4 Ne8 52. Kf3 Nf4 53. Ng8+
Kf7 54. Nh6+ Ke7 55. Ng4 Nd3 56. Ne3 Nb2 57. Ke2 Na4 58. Kf3 Nb2 59. Ng4 Nc4
60. Ke2 Nb6 61. Ne3 Kd7 62. Kf3 Nc7 63. Na3 Ke7 64. Ng4 Nd7 65. Ke3 Nc5 66. Nc4
Nb3 67. Nf6 h5 68. Ng8+ Kf7 69. Nxd6+ Kxg8 70. Nc4 Kg7 71. Nxe5 Nc5 72. Kd4
Nb3+ 73. Ke3 Nc5 74. Kd4 Nb3+ 75. Kc4 Nd2+ 76. Kd3 Nb3 77. Nf3 Nc5+ 78. Kd4 Nd7
79. e5 Kf7 80. e6+ 1/2-1/2

[Event "7. Rilton Cup 2007/2008"]
[Site "Stockholm SWE"]
[Date "2008.01.02"]
[Round "6.11"]
[White "Fontaine, Robert"]
[Black "Blomqvist, Erik"]
[Result "1-0"]
[WhiteElo "2562"]
[BlackElo "2334"]
[PlyCount "57"]
[EventDate "2007.12.27"]
[EventType "swiss"]
[EventRounds "9"]
[EventCountry "SWE"]
[Source "lmi"]
[SourceDate "2008.12.27"]

1. d4 d5 2. Nf3 Nf6 3. c4 c6 4. e3 Bf5 5. Nc3 e6 6. Nh4 Bg6 7. Be2 Nbd7 8. O-O
Bd6 9. g3 O-O 10. Nxg6 hxg6 11. b3 Qe7 12. Bf3 Rfd8 13. Bg2 Bb4 14. Bd2 Rac8
15. a3 Bxa3 16. c5 Bb2 17. Rxa7 Nxc5 18. Nb1 Na6 19. b4 Qc7 20. Qc2 Bxd4 21.
exd4 Qb6 22. Rxa6 Qxa6 23. Rc1 Ra8 24. Bc3 Qa2 25. Qd1 Ne4 26. Be1 Qb2 27. Nc3
Ra3 28. Bxe4 dxe4 29. Rb1 1-0

[Event "7. Rilton Cup 2007/2008"]
[Site "Stockholm SWE"]
[Date "2008.01.02"]
[Round "6.14"]
[White "Ernst, Thomas"]
[Black "Ask, Josef"]
[Result "1-0"]
[WhiteElo "2450"]
[BlackElo "2235"]
[PlyCount "51"]
[EventDate "2007.12.27"]
[EventType "swiss"]
[EventRounds "9"]
[EventCountry "SWE"]
[Source "lmi"]
[SourceDate "2008.12.27"]

1. e4 e5 2. Nf3 Nc6 3. Bb5 Nge7 4. O-O Ng6 5. d4 exd4 6. Nxd4 Bc5 7. Nb3 Bb6 8.
Nc3 O-O 9. Nd5 d6 10. a4 Re8 11. a5 Bc5 12. Nxc5 dxc5 13. f3 Qd6 14. a6 Re5 15.
c3 Rh5 16. f4 Rh4 17. e5 Ncxe5 18. fxe5 Qxe5 19. Nf4 Bg4 20. axb7 Rb8 21. Qd5
Qxd5 22. Nxd5 Rxb7 23. Bc6 Rb8 24. Rxa7 Ne5 25. Rxc7 Be2 26. Re1 1-0

[Event "7. Rilton Cup 2007/2008"]
[Site "Stockholm SWE"]
[Date "2008.01.02"]
[Round "6.15"]
[White "Dimitrijevic, Radmilo"]
[Black "Lindberg, Bengt"]
[Result "1/2-1/2"]
[WhiteElo "2070"]
[BlackElo "2439"]
[PlyCount "100"]
[EventDate "2007.12.27"]
[EventType "swiss"]
[EventRounds "9"]
[EventCountry "SWE"]
[Source "lmi"]
[SourceDate "2008.12.27"]

1. e4 c5 2. Nc3 Nc6 3. f4 g6 4. Nf3 Bg7 5. g3 e6 6. Bg2 d5 7. d3 dxe4 8. dxe4
Bxc3+ 9. bxc3 Qxd1+ 10. Kxd1 Nf6 11. Nd2 b6 12. e5 Nd5 13. Ne4 O-O 14. Nf6+ Kg7
15. Nxd5 Rd8 16. c4 Ne7 17. f5 Nxf5 18. Bg5 Rd7 19. g4 Nh6 20. Ke2 exd5 21.
cxd5 Bb7 22. c4 Nxg4 23. Bh3 Nxe5 24. Bxd7 Nxd7 25. Bf4 b5 26. Rhd1 bxc4 27.
Rab1 Nb6 28. d6 Be4 29. Rb5 Nd7 30. Kd2 f5 31. Kc3 Kf7 32. Kxc4 Rc8 33. Ra5 Ke6
34. Rxa7 h6 35. Rxd7 Kxd7 36. Bxh6 Rh8 37. Bf4 Rh4 38. Bg3 Rg4 39. Kxc5 f4 40.
Bf2 Rg2 41. Bd4 Rxh2 42. Be5 g5 43. Kd4 Bc6 44. Rg1 Rh5 45. a4 f3 46. Ke3 Ke6
47. Bg3 Rh8 48. Rc1 Kd7 49. Rc5 Re8+ 50. Re5 Rxe5+ 1/2-1/2

[Event "7. Rilton Cup 2007/2008"]
[Site "Stockholm SWE"]
[Date "2008.01.02"]
[Round "6.17"]
[White "Akdag, Dara"]
[Black "Smith, Axel"]
[Result "0-1"]
[WhiteElo "2042"]
[BlackElo "2384"]
[PlyCount "70"]
[EventDate "2007.12.27"]
[EventType "swiss"]
[EventRounds "9"]
[EventCountry "SWE"]
[Source "lmi"]
[SourceDate "2008.12.27"]

1. d4 d5 2. c4 c6 3. Nc3 e6 4. Nf3 Nf6 5. Bg5 dxc4 6. e4 b5 7. e5 h6 8. Bh4 g5
9. Nxg5 hxg5 10. Bxg5 Nbd7 11. g3 Qa5 12. exf6 Ba6 13. a3 O-O-O 14. Bg2 Nc5 15.
O-O Bb7 16. Qg4 Nb3 17. Rad1 Bxa3 18. d5 cxd5 19. Nxd5 Bxd5 20. Bxd5 Rxd5 21.
Rxd5 Bxb2 22. Rd6 Rd8 23. Rxd8+ Qxd8 24. Qe4 Kc7 25. Bf4+ Kb6 26. Be3+ Ka5 27.
Bxa7 Nd2 28. Qc2 c3 29. Rd1 Nf3+ 30. Kg2 Nd2 31. Kg1 Qd5 32. f4 b4 33. Rxd2
Qxd2 34. Qe4 c2 35. Be3 c1=R# 0-1

[Event "7. Rilton Cup 2007/2008"]
[Site "Stockholm SWE"]
[Date "2008.01.02"]
[Round "6.18"]
[White "Furhoff, Johan"]
[Black "Evertsson, Lennart"]
[Result "1-0"]
[WhiteElo "2392"]
[BlackElo "2220"]
[PlyCount "91"]
[EventDate "2007.12.27"]
[EventType "swiss"]
[EventRounds "9"]
[EventCountry "SWE"]
[Source "lmi"]
[SourceDate "2008.12.27"]

1. e4 c5 2. Nf3 e6 3. d4 cxd4 4. Nxd4 Qc7 5. Nb5 Qc6 6. Bd3 a6 7. Nd4 Qc7 8.
Nc3 Nf6 9. f4 Bb4 10. Bd2 Nc6 11. Nf3 d5 12. e5 Nd7 13. Ng5 g6 14. O-O Nb6 15.
Qe1 Be7 16. Nf3 Bd7 17. b3 Rc8 18. Ne2 Bc5+ 19. Kh1 Qd8 20. a4 Qe7 21. c3 Qf8
22. Ned4 Qg7 23. Be3 Ne7 24. a5 Na8 25. b4 Bxd4 26. Bxd4 Nc7 27. Bc5 Bb5 28.
Rd1 Nf5 29. g4 Ne7 30. Qh4 Ng8 31. f5 Qh6 32. f6 Qf4 33. Nd4 Qh6 34. Qxh6 Nxh6
35. h3 Bc4 36. Ne2 Nb5 37. Bxc4 dxc4 38. Rf4 g5 39. Rxc4 Ng8 40. Ng3 Rd8 41.
Rxd8+ Kxd8 42. Bf8 h5 43. Bg7 Rh7 44. Nxh5 Kd7 45. Kg2 Nh6 46. Ng3 1-0

[Event "7. Rilton Cup 2007/2008"]
[Site "Stockholm SWE"]
[Date "2008.01.02"]
[Round "6.20"]
[White "Stokke, Kjetil"]
[Black "Hansen, Evgenia"]
[Result "1-0"]
[WhiteElo "2372"]
[BlackElo "2159"]
[PlyCount "149"]
[EventDate "2007.12.27"]
[EventType "swiss"]
[EventRounds "9"]
[EventCountry "SWE"]
[Source "lmi"]
[SourceDate "2008.12.27"]

1. Nf3 d5 2. d4 e6 3. c4 Nf6 4. Nc3 Be7 5. Bg5 O-O 6. e3 Nbd7 7. Rc1 a6 8. c5
c6 9. Bd3 e5 10. dxe5 Ne8 11. h4 Nxc5 12. Bb1 Ne6 13. e4 dxe4 14. Nxe4 Qxd1+
15. Rxd1 f6 16. exf6 Nxf6 17. Nd6 Nc7 18. Nxc8 Raxc8 19. a3 Nfd5 20. Bc1 Rce8
21. O-O Bd6 22. Rfe1 Rxe1+ 23. Rxe1 Bf4 24. Nd2 Re8 25. Rxe8+ Nxe8 26. g3 Bh6
27. f4 g6 28. Kf2 Nd6 29. Ne4 Nxe4+ 30. Bxe4 Bg7 31. Kf3 Kf7 32. b3 Bc3 33. Bd3
h5 34. f5 gxf5 35. Bxf5 a5 36. Bc8 b5 37. Bd7 Ne7 38. Ke4 a4 39. bxa4 bxa4 40.
Be3 Bb2 41. Bc5 Bc1 42. Kf3 Bb2 43. Kf4 Bc1+ 44. Ke4 Bb2 45. Bh3 Nd5 46. Bf1
Kg6 47. Bd3 Nc7 48. Ke3+ Kf7 49. Be2 Kg6 50. Bf3 Nb5 51. Bxc6 Nxa3 52. Kd3 Nb1
53. Kc2 Be5 54. Kxb1 Bxg3 55. Be7 Be5 56. Be8+ Kg7 57. Bg5 a3 58. Ka2 Bb2 59.
Bxh5 Kh7 60. Be8 Kg7 61. h5 Kh7 62. Bg6+ Kg7 63. Bb1 Kg8 64. Kb3 Kg7 65. Kc4
Kf7 66. Kd5 Bf6 67. Be3 Bb2 68. Ke4 Kg7 69. Kf5 Kh7 70. Ke6+ Kg7 71. h6+ Kh8
72. Kf7 Bc3 73. Bc5 a2 74. Bxa2 Kh7 75. Bf8 1-0

[Event "7. Rilton Cup 2007/2008"]
[Site "Stockholm SWE"]
[Date "2008.01.02"]
[Round "6.21"]
[White "Nithander, Victor"]
[Black "Karlsson, Tomas"]
[Result "1-0"]
[WhiteElo "2367"]
[BlackElo "2249"]
[PlyCount "157"]
[EventDate "2007.12.27"]
[EventType "swiss"]
[EventRounds "9"]
[EventCountry "SWE"]
[Source "lmi"]
[SourceDate "2008.12.27"]

1. e4 e6 2. d4 d5 3. Nd2 Nf6 4. e5 Nfd7 5. f4 c5 6. c3 Nc6 7. Ndf3 Qb6 8. a3
Be7 9. b4 cxd4 10. cxd4 f6 11. Bd3 O-O 12. Ne2 fxe5 13. fxe5 Rf7 14. Bb2 Nf8
15. O-O Bd7 16. Kh1 Rc8 17. Rc1 a6 18. Nc3 Na5 19. Na4 Rxc1 20. Bxc1 Bxa4 21.
Qxa4 Nc4 22. Qe8 g6 23. Qc8 Qc6 24. Qxc6 bxc6 25. Bxc4 dxc4 26. Bd2 Nd7 27. Rc1
Nb6 28. a4 c3 29. Rxc3 Bxb4 30. Rxc6 Bxd2 31. Rxb6 Be3 32. Rb3 Bxd4 33. h4 Bf2
34. Kh2 Rf4 35. g3 Rxa4 36. Rb8+ Kg7 37. Rb7+ Kg8 38. Ng5 h6 39. Rb8+ Kg7 40.
Rb7+ Kg8 41. Rb8+ Kg7 42. Nxe6+ Kf7 43. Nf4 Re4 44. Rb7+ Ke8 45. e6 Bd4 46. Nd5
Rxe6 47. Nc7+ Kd7 48. Nxe6+ Kxe6 49. g4 Kf6 50. Rh7 Be3 51. Kg3 a5 52. Kf3 Bd2
53. Rd7 Be1 54. Rd6+ Kg7 55. h5 gxh5 56. gxh5 Bh4 57. Rg6+ Kh7 58. Ra6 Kg7 59.
Kg4 Bg5 60. Kf5 Kf7 61. Rxa5 Bd2 62. Ra7+ Kf8 63. Kg6 Bc1 64. Rc7 Bd2 65. Rf7+
Ke8 66. Kg7 Bc3+ 67. Kg8 Bd2 68. Rf2 Bg5 69. Re2+ Kd8 70. Kf7 Kd7 71. Re5 Bf4
72. Rd5+ Kc7 73. Kg7 Be3 74. Kh7 Bg5 75. Kg7 Be3 76. Rd3 Bf4 77. Rf3 Bd2 78.
Rf2 Be3 79. Re2 1-0

[Event "7. Rilton Cup 2007/2008"]
[Site "Stockholm SWE"]
[Date "2008.01.02"]
[Round "6.22"]
[White "Akesson, Joel"]
[Black "Janse, Love"]
[Result "1-0"]
[WhiteElo "2344"]
[BlackElo "2127"]
[PlyCount "73"]
[EventDate "2007.12.27"]
[EventType "swiss"]
[EventRounds "9"]
[EventCountry "SWE"]
[Source "lmi"]
[SourceDate "2008.12.27"]

1. d4 f5 2. Nc3 Nf6 3. Bg5 e6 4. e4 fxe4 5. Nxe4 Be7 6. Bxf6 Bxf6 7. Nf3 d6 8.
Bd3 Nc6 9. c3 O-O 10. Qc2 h6 11. O-O e5 12. d5 Ne7 13. c4 Bg4 14. Nfd2 Nf5 15.
Nb3 Bh5 16. Nec5 dxc5 17. Bxf5 b6 18. Rae1 g5 19. Qd3 Bg7 20. Qh3 Qf6 21. Be4
Bg6 22. Nd2 Rae8 23. Re3 c6 24. Qd7 Re7 25. Qxc6 Qxc6 26. dxc6 Bxe4 27. Nxe4
Rc8 28. Rd1 Rxc6 29. Red3 Rc8 30. f3 Kf8 31. Kf2 Rcc7 32. Ke3 Ke8 33. Nd6+ Kf8
34. Ke4 Rcd7 35. Nf5 Rxd3 36. Rxd3 Rc7 37. Rd6 1-0

[Event "7. Rilton Cup 2007/2008"]
[Site "Stockholm SWE"]
[Date "2008.01.02"]
[Round "6.24"]
[White "Luukkonen, Tommi"]
[Black "Sisatto, Olli"]
[Result "1/2-1/2"]
[WhiteElo "2238"]
[BlackElo "2264"]
[PlyCount "127"]
[EventDate "2007.12.27"]
[EventType "swiss"]
[EventRounds "9"]
[EventCountry "SWE"]
[Source "lmi"]
[SourceDate "2008.12.27"]

1. c4 Nf6 2. Nc3 e6 3. d4 Bb4 4. e3 b6 5. Nge2 c5 6. a3 Ba5 7. Rb1 Na6 8. Bd2
O-O 9. d5 d6 10. Nf4 exd5 11. Ncxd5 Bxd2+ 12. Qxd2 Bb7 13. Rd1 Nxd5 14. Nxd5
Qd7 15. Bd3 Bxd5 16. cxd5 Nc7 17. Qc2 g6 18. O-O b5 19. e4 c4 20. Be2 f5 21.
exf5 Qxf5 22. Qd2 Rae8 23. Bf3 Qd7 24. Qd4 Rxf3 25. gxf3 Re5 26. Qg4 Qe7 27. f4
Re4 28. h4 Qf8 29. Rde1 Rxf4 30. Qg5 Rf5 31. Qe7 Nxd5 32. Qd7 Nf6 33. Qxa7 Rf4
34. Re3 Ng4 35. Rg3 Ne5 36. Qb7 Nf3+ 37. Rxf3 Rxf3 38. Re1 Rf7 39. Qxb5 Qh6 40.
Qxc4 Qd2 41. Re2 Qd1+ 42. Kg2 d5 43. Qg4 Kg7 44. h5 d4 45. hxg6 hxg6 46. Re4
Qc2 47. Qe2 Qc5 48. Qd3 Qg5+ 49. Qg3 Qf6 50. Qe5 Rb7 51. b4 Ra7 52. Qd5 Rxa3
53. Rxd4 Ra2 54. Qxa2 Qxd4 55. Qb3 Qe4+ 56. Kf1 Qh1+ 57. Ke2 Qe4+ 58. Kd2 Qd4+
59. Kc1 Qxf2 60. b5 Qe1+ 61. Kc2 Qe2+ 62. Kc3 Qe3+ 63. Kb2 Qd2+ 64. Ka1 1/2-1/2

[Event "7. Rilton Cup 2007/2008"]
[Site "Stockholm SWE"]
[Date "2008.01.02"]
[Round "6.25"]
[White "Henriksson, Johan"]
[Black "Hedman, Erik"]
[Result "1-0"]
[WhiteElo "2197"]
[BlackElo "2396"]
[PlyCount "81"]
[EventDate "2007.12.27"]
[EventType "swiss"]
[EventRounds "9"]
[EventCountry "SWE"]
[Source "lmi"]
[SourceDate "2008.12.27"]

1. d4 Nf6 2. Nf3 e6 3. g3 b5 4. Qd3 Ba6 5. a3 b4 6. Qb3 bxa3 7. Nxa3 Qc8 8. Bg2
d5 9. Ne5 c6 10. c4 Nbd7 11. Nxd7 Nxd7 12. Bf4 Bxa3 13. Qxa3 Bxc4 14. O-O f6
15. Qd6 Kf7 16. Rfc1 Rd8 17. b3 Bb5 18. e4 Ne5 19. dxe5 Rxd6 20. exd6 d4 21. e5
Qd8 22. Bxc6 Bxc6 23. Rxc6 a5 24. h4 g5 25. hxg5 fxg5 26. Bd2 Kg6 27. Rc7 Qf8
28. Rxa5 Kf5 29. Rc4 Rxa5 30. Bxa5 Qa8 31. Rxd4 Qxa5 32. Rd1 Qd8 33. b4 Kxe5
34. d7 Kf6 35. Kg2 g4 36. Kf1 Ke7 37. Ke2 h5 38. Rd4 e5 39. Rd5 Ke6 40. Rd3 Ke7
41. b5 1-0

[Event "7. Rilton Cup 2007/2008"]
[Site "Stockholm SWE"]
[Date "2008.01.03"]
[Round "7.2"]
[White "Cramling, Pia"]
[Black "Agrest, Evgenij"]
[Result "1/2-1/2"]
[WhiteElo "2531"]
[BlackElo "2541"]
[PlyCount "32"]
[EventDate "2007.12.27"]
[EventType "swiss"]
[EventRounds "9"]
[EventCountry "SWE"]
[Source "lmi"]
[SourceDate "2008.12.27"]

1. d4 Nf6 2. Nf3 d5 3. c4 e6 4. Nc3 dxc4 5. e3 a6 6. a4 c5 7. Bxc4 Nc6 8. O-O
Be7 9. Ne5 cxd4 10. Nxc6 bxc6 11. exd4 O-O 12. b3 Bb7 13. Be3 Qa5 14. Rc1 c5
15. dxc5 Bxc5 16. Bxc5 Qxc5 1/2-1/2

[Event "7. Rilton Cup 2007/2008"]
[Site "Stockholm SWE"]
[Date "2008.01.03"]
[Round "7.10"]
[White "Kulaots, Kaido"]
[Black "Ernst, Thomas"]
[Result "1-0"]
[WhiteElo "2547"]
[BlackElo "2450"]
[PlyCount "87"]
[EventDate "2007.12.27"]
[EventType "swiss"]
[EventRounds "9"]
[EventCountry "SWE"]
[Source "lmi"]
[SourceDate "2008.12.27"]

1. e4 c5 2. Nf3 d6 3. d4 cxd4 4. Nxd4 Nf6 5. Nc3 g6 6. Be3 Bg7 7. f3 Nc6 8. Qd2
O-O 9. Bc4 Bd7 10. O-O-O Rb8 11. Bb3 Na5 12. Bh6 Bxh6 13. Qxh6 b5 14. h4 b4 15.
Nd5 e5 16. Nf5 Nxb3+ 17. axb3 Bxf5 18. exf5 Nxd5 19. Rxd5 Qf6 20. fxg6 fxg6 21.
h5 Rb6 22. hxg6 Qxg6 23. Rh4 Qxh6+ 24. Rxh6 Ra6 25. Kd2 Ra1 26. Rdxd6 Rg1 27.
Rh2 e4 28. Rd4 exf3 29. gxf3 Rf1 30. Rxb4 R1xf3 31. Rb7 R3f7 32. Rxf7 Rxf7 33.
c4 Kg7 34. b4 Rf4 35. Kc3 Kg6 36. b5 h5 37. c5 h4 38. c6 Kh5 39. c7 Rf8 40. Kb4
Rc8 41. Rc2 h3 42. b6 axb6 43. Kb5 Kg4 44. Kxb6 1-0

[Event "7. Rilton Cup 2007/2008"]
[Site "Stockholm SWE"]
[Date "2008.01.03"]
[Round "7.12"]
[White "Akesson, Joel"]
[Black "Hillarp Persson, Tiger"]
[Result "0-1"]
[WhiteElo "2344"]
[BlackElo "2567"]
[PlyCount "66"]
[EventDate "2007.12.27"]
[EventType "swiss"]
[EventRounds "9"]
[EventCountry "SWE"]
[Source "lmi"]
[SourceDate "2008.12.27"]

1. d4 d5 2. Nf3 Nf6 3. c4 c6 4. e3 Bf5 5. Nc3 e6 6. Nh4 Be4 7. f3 Bg6 8. Qb3
Qb6 9. Nxg6 hxg6 10. Bd2 Nbd7 11. O-O-O Qxb3 12. axb3 a6 13. g4 g5 14. Be2 Rh3
15. Rdg1 Bd6 16. f4 gxf4 17. exf4 Ke7 18. Bf1 Rf3 19. Kd1 Bxf4 20. Ke2 Bxd2 21.
Kxf3 g5 22. h4 Rg8 23. Rg2 Bf4 24. Ne2 Bb8 25. Ng3 gxh4 26. Rxh4 c5 27. cxd5
cxd4 28. dxe6 fxe6 29. Nh5 Ne5+ 30. Ke2 d3+ 31. Kd1 Nfxg4 32. Rg3 Nf2+ 33. Ke1
d2+ 0-1

[Event "7. Rilton Cup 2007/2008"]
[Site "Stockholm SWE"]
[Date "2008.01.03"]
[Round "7.13"]
[White "Lindberg, Bengt"]
[Black "Henriksson, Johan"]
[Result "1-0"]
[WhiteElo "2439"]
[BlackElo "2197"]
[PlyCount "79"]
[EventDate "2007.12.27"]
[EventType "swiss"]
[EventRounds "9"]
[EventCountry "SWE"]
[Source "lmi"]
[SourceDate "2008.12.27"]

1. e4 c6 2. d4 d5 3. Nc3 dxe4 4. Nxe4 Bf5 5. Ng3 Bg6 6. Nf3 Nd7 7. h4 h6 8. h5
Bh7 9. Bd3 Bxd3 10. Qxd3 Ngf6 11. Bf4 e6 12. O-O-O a5 13. Ne4 Nxe4 14. Qxe4 a4
15. Ne5 Nf6 16. Qe2 a3 17. b3 Nd5 18. Bd2 Bb4 19. c4 Nc3 20. Bxc3 Bxc3 21. Kc2
Bxd4 22. Nf3 c5 23. Nxd4 cxd4 24. Qe5 O-O 25. Rxd4 Qb6 26. Rhd1 Rad8 27. f3
Rxd4 28. Rxd4 Rd8 29. c5 Qa5 30. b4 Qa4+ 31. Kc3 Rxd4 32. Qxd4 Qa8 33. b5 e5
34. Qc4 Qa5+ 35. Kb3 Qa7 36. Kb4 Kf8 37. Qd5 f6 38. Qd8+ Kf7 39. Qd7+ Kf8 40.
c6 1-0

[Event "7. Rilton Cup 2007/2008"]
[Site "Stockholm SWE"]
[Date "2008.01.03"]
[Round "7.15"]
[White "Dimitrijevic, Radmilo"]
[Black "Stokke, Kjetil"]
[Result "1-0"]
[WhiteElo "2070"]
[BlackElo "2372"]
[PlyCount "53"]
[EventDate "2007.12.27"]
[EventType "swiss"]
[EventRounds "9"]
[EventCountry "SWE"]
[Source "lmi"]
[SourceDate "2008.12.27"]

1. e4 c5 2. Nc3 Nc6 3. f4 g6 4. Nf3 Bg7 5. g3 d6 6. Bg2 e5 7. d3 Nge7 8. O-O
O-O 9. Be3 Nd4 10. Qd2 Bg4 11. h3 Nxf3+ 12. Bxf3 Bxh3 13. Rf2 Qd7 14. f5 gxf5
15. Bh6 fxe4 16. dxe4 Ng6 17. Rh2 f6 18. Kf2 Rf7 19. Rah1 Be6 20. Bh5 Raf8 21.
Nd5 Bxh6 22. Qxh6 Rg7 23. Bxg6 Rxg6 24. Qxg6+ hxg6 25. Rh8+ Kf7 26. R1h7+ Ke8
27. Nxf6+ 1-0